Macromedia Dreamweaver MX

محفوظ في:
التفاصيل البيبلوغرافية
المؤلف الرئيسي: Nguyễn, Trường Sinh
التنسيق: كتاب
اللغة:Undetermined
منشور في: Hà Nội Lao động - Xã hội 2003
الموضوعات:
الوسوم: إضافة وسم
لا توجد وسوم, كن أول من يضع وسما على هذه التسجيلة!
Thư viện lưu trữ: Trung tâm Học liệu Trường Đại học Cần Thơ
LEADER 00549nam a2200193Ia 4500
001 CTU_60190
008 210402s9999 xx 000 0 und d
020 |b 78000 
082 |a 006.78 
082 |b S312 
100 |a Nguyễn, Trường Sinh 
245 0 |a Macromedia Dreamweaver MX 
245 0 |c Nguyễn Trường Sinh 
260 |a Hà Nội 
260 |b Lao động - Xã hội 
260 |c 2003 
650 |a Dreamweaver ( computer programs ) 
904 |i Minh 
980 |a Trung tâm Học liệu Trường Đại học Cần Thơ